Winnie the Pooh and Other Disney Trivia Quiz - Statistics

General Stats
  • This quiz has been taken 323 times
    125 since last reset
  • The average score is 10 of 25
Answer Stats
Disney Trivia Question Answer % Correct
What color is Donald Duck's bowtie Red
92%
Who described himself as being bouncy, trouncy, pouncy and flouncy? How ridickerus! Tigger
81%
In "Beauty and the Beast", what was Cogsworth? A Clock
65%
What color stockings did Alice wear in Wonderland? White
65%
What color is Aladdin's vest? Purple
64%
What color was Dumbo's hat? Yellow
57%
Where did all of Christopher Robin's friends live? The Hundred Acre Wood
54%
What character's name (roughly) means "bear" in Hindi? Baloo
52%
What color is the bow on Eeyore's tail? Purple
49%
What was written on the jug containing Winnie the Pooh's favorite food? Hunny
48%
What accessory does Jiminy Cricket always carry with him? Umbrella
48%
Besides Christopher Robin, he is Pooh's best friend, lives in a beech tree and is fond of "haycorns". Oh, d-d-dear! Piglet
40%
Which Winnie the Pooh character's best friend is a Heffalump named Lumpy? Roo
39%
Who did Timothy Q. Mouse befriend? Dumbo
35%
What color is Pluto's collar? Green
34%
In "Sleeping Beauty", Princess Aurora was raised by 3 fairy godmothers: Flora, Fauna and....? Merryweather
34%
What 2 Dwarfs sat closest beside Snow White as she lay sleeping, waiting for Prince Charming? Doc
30%
As compared to Mickey Mouse, Donald Duck and Pinocchio, for example, what physical feature was King Louie from "The Jungle Book" shown as having 2 more of? Fingers
28%
What 2 Dwarfs sat closest beside Snow White as she lay sleeping, waiting for Prince Charming? Dopey
22%
What was the name of Geppetto's cat in "Pinocchio"? Figaro
20%
What color was Mowgli's loincloth in "The Jungle Book"? Orange
17%
Which 2 main Pooh characters were NOT actual stuffed animals owned by the real life Christopher Robin Milne? Owl & Rabbit
15%
James Baskett became the first black male to win an Academy Award for his role in this 1946 Disney movie. Song of the South
15%
Along with Mickey Mouse, Donald Duck and Winnie the Pooh, who is the only other fictional Disney character to receive a star on the Hollywood Walk of Fame? Snow White
12%
The lute-playing rooster, Alan-a-Dale, was voiced by this "King of the Road" country music singer in "Robin Hood". Roger Miller
6%
No matching quizzes found
Score Distribution
Percent of People with Each Score
Percentile by Number Answered
Your Score History
You have not taken this quiz since the last reset